000 00916cam a2200265 i 4500
001 20578
003 Mx-PuUPA
005 20230413123658.0
008 140415s1987 it a gr 000 0 it d
040 _cMx-PuUPA
_aMx-PuUPA
_erda
_dMx-PuUPA
_bspa
041 0 _aita
100 1 _aCaruso, Antonio,
_eautor
_914039
245 1 0 _aPer un popolo nuovo :
_bmessaggio mariano dal Messico per gli uomini d'oggi /
_cAntonio Caruso
264 1 _aRoma :
_bEffelle Editrice,
_c©1987
300 _a183 páginas, 3 hojas de láminas sin numerar :
_bilustraciones (a color) ;
_c21 cm
336 _2rdacontent
_atexto
_btxt
337 _2rdamedia
_asin medio
_bn
338 _2rdacarrier
_avolumen
_bnc
600 0 4 _aVirgen María
651 4 _aMéxico
_xIglesia católica
651 4 _aMéxico
_xReligión azteca
942 _2ddc
_cLI
_iC294
_h232.9170972
999 _c20578
_d20578